Statistics for Colombia World Cup 2014 squad

Click here to take the quiz!

General Stats

  • This quiz has been taken 370 times
    (317 since last reset)
  • The average score is 13 of 24

Answer Stats

% Correct
MDJames RodriguezAS Monaco
96%
GKDavid OspinaOGC Nice
86%
FWJackson MartinezFC Porto
76%
MDJuan Guillermo CuadradoFiorentina
76%
FWCarlos BaccaFC Sevilla
71%
DFCristian ZapataAC Milan
70%
DFMario YepesAtalanta
66%
DFCamilo ZunigaNapoli
62%
MDFredy GuarinInter Milan
60%
MDCarlos SanchezElche
60%
DFPablo ArmeroWest Ham
58%
MDJuan Fernando QuinteroFC Porto
56%
GKFaryd MondragonDeportivo Cali
54%
DFSantiago AriasPSV Eindhoven
54%
FWAdrian RamosHerta Berlin
53%
FWTeofilo GutierrezRiver Plate
51%
COACHJosé Pekerman/
48%
MDAbel AguilarToulouse
43%
MDVictor IbarboCagliari
40%
DFEder Alvarez BalantaRiver Plate
31%
GKCamilo VargasSanta Fe
31%
MDAlexander MejiaAtletico Nacional
20%
MDAldo Leao RamirezMorelia
19%
DFCarlos ValdesSan Lorenzo
15%

Score Distribution

Percentile by Number Answered

Percent of People with Each Score

Your Score History

You have not taken this quiz since the last reset